Film che iniziano per Q - Statistics

Statistiche generali
  • Questo quiz è stato fatto 87 volte
  • Il punteggio medio è 6 su 15
Statistiche sulle risposte
Descrizione Film % Corretto
L'improbabile amicizia tra un aristocratico paraplegico e un giovane senegalese appena uscito dal carcere. Quasi Amici
87%
Un impiegato pubblico tiene molto al suo posto fisso tanto che, quando il governo taglia i posti di lavoro statali, è disposto a tutto pur di non rinunciarvi. Quo Vado?
83%
Le vicende comiche e romantiche di un ragazzo britannico e i suoi amici durante alcune cerimonie nuziali e un'onoranza funebre. Quattro matrimoni e un funerale
75%
Le avventure di Cetto, un imprenditore calabrese che decide di candidarsi alle elezioni comunali. Qualunquemente
66%
Un uomo finge di essere pazzo per evitare la prigione. Viene dunque trasferito in un ospedale psichiatrico dove si scontra con la rigida infermiera. Qualcuno volò sul nido del cuculo
38%
La storia d'amore tra un generale romano e una giovane cristiana è ostacolata da Nerone, il quale perseguita i cristiani e li incolpa dell'incendio della città. Quo vadis?
35%
Madre e figlia, che poco si sopportano, a causa di un incantesimo, si svegliano l'una nel corpo dell'altra. Quel pazzo venerdì
34%
La vita di un potente e influente magnate dei media narrata attraverso gli occhi di un gruppo di giornalisti e amici dopo la sua morte. Quarto potere
27%
Un ragazzo di origini irlandesi sogna di diventare un gangster, si unisce quindi a una famiglia mafiosa e inizia la sua ascesa nella malavita. Quei bravi ragazzi
27%
Uno scrittore misantropo e solitario si ritrova a prendersi cura del suo vicino di casa e, nel frattempo, sviluppa una relazione complicata con una cameriera. Qualcosa è cambiato
21%
Un gruppo di ragazzi decide di trascorrere il weekend in una remota cabina nel bosco. Tuttavia, l'esperienza si tramuta in un incubo. Quella casa nel bosco
21%
Un professore è un concorrente di successo allo show televisivo "Twenty-One". Per garantire successo e ascolti al programma, le domande vengono manipolate. Quiz Show
13%
James Bond scopre l'esistenza di un'organizzazione segreta coinvolta in affari illeciti legati a risorse naturali e a ruoli di poteri in diverse nazioni. Quantum of Solance
10%
Un giornalista annuncia in diretta tv la sua volontà di suicidarsi. La rete televisiva lo trasforma quindi in un fenomeno mediatico per alzare il proprio rating. Quinto Potere
10%
Dodici prigionieri di guerra, tutti con un passato criminale alle spalle, vengono reclutati per una missione suicida: attaccare un castello con dei nazisti dentro. Quella sporca dozzina
8%
Nessun quiz corrispondente trovato
Distribuzione punteggi
Percentuale di utenti per punteggio
Percentile per numero di risposta
I tuoi punteggi nel tempo
Non hai fatto questo quiz